Management principles and practices for tomorrow's leaders

保存先:
書誌詳細
第一著者: Dessler, Gary
フォーマット: 図書
言語:Undetermined
出版事項: New Jersey Prentice Hall 2004
主題:
タグ: タグ追加
タグなし, このレコードへの初めてのタグを付けませんか!
Thư viện lưu trữ: Trung tâm Học liệu Trường Đại học Cần Thơ
LEADER 00602nam a2200205Ia 4500
001 CTU_94308
008 210402s9999 xx 000 0 und d
020 |c 351000 
082 |a 658.4 
082 |b D475 
100 |a Dessler, Gary 
245 0 |a Management principles and practices for tomorrow's leaders 
245 0 |c Gary Dessler 
260 |a New Jersey 
260 |b Prentice Hall 
260 |c 2004 
650 |a Management,Leadership,Organization 
904 |i Hiếu 
910 |a Sách kèm theo đĩa có số: AV.001944 
980 |a Trung tâm Học liệu Trường Đại học Cần Thơ